[Event "DEM U16w 2025"]
[Site "Willingen GER"]
[Date "2025.06.12"]
[Round "7"]
[White "Bauer, Laura Sophie"]
[Black "Müller, Riyanna"]
[Result "1/2-1/2"]
[Termination "normal"]
[Board "1"]
[BlackTitle "WCM"]
[WhiteElo "1979"]
[BlackElo "2056"]
[WhiteClock "00:34:39"]
[BlackClock "00:07:10"]
[PlyCount "110"]
[WhiteFideId "16253647"]
[BlackFideId "16287401"]
[EventCountry "GER"]
[EventRounds "9"]
[EventType "swiss"]
[EventDate "2025.06.07"]

1. e4 {[%clk 01:30:57]} {[%emt 00:00:02]} c6 {[%clk 01:30:54]} {[%emt
00:00:07]} 2. Nf3 {[%clk 01:31:23]} {[%emt 00:00:04]} d5 {[%clk 01:31:19]}
{[%emt 00:00:05]} 3. exd5 {[%clk 01:31:49]} {[%emt 00:00:04]} cxd5 {[%clk
01:31:45]} {[%emt 00:00:05]} 4. Ne5 {[%clk 01:32:13]} {[%emt 00:00:05]} Nc6
{[%clk 01:32:06]} {[%emt 00:00:08]} 5. Bb5 {[%clk 01:32:31]} {[%emt 00:00:13]}
Bd7 {[%clk 01:31:50]} {[%emt 00:00:46]} 6. Bxc6 {[%clk 01:32:50]} {[%emt
00:00:12]} Bxc6 {[%clk 01:30:21]} {[%emt 00:01:58]} 7. O-O {[%clk 01:31:00]}
{[%emt 00:02:20]} Qc7 {[%clk 01:30:16]} {[%emt 00:00:35]} 8. d4 {[%clk
01:31:21]} {[%emt 00:00:09]} e6 {[%clk 01:30:39]} {[%emt 00:00:07]} 9. c3
{[%clk 01:31:15]} {[%emt 00:00:36]} Bd6 {[%clk 01:30:34]} {[%emt 00:00:36]} 10.
f4 {[%clk 01:31:12]} {[%emt 00:00:32]} Ne7 {[%clk 01:30:26]} {[%emt 00:00:37]}
11. Nd2 {[%clk 01:30:17]} {[%emt 00:01:25]} O-O {[%clk 01:29:28]} {[%emt
00:01:29]} 12. Ndf3 {[%clk 01:28:59]} {[%emt 00:01:47]} f6 {[%clk 01:24:55]}
{[%emt 00:05:04]} 13. Nxc6 {[%clk 01:26:41]} {[%emt 00:02:48]} Nxc6 {[%clk
01:25:16]} {[%emt 00:00:10]} 14. g3 {[%clk 01:26:30]} {[%emt 00:00:40]} Rfe8
{[%clk 01:23:50]} {[%emt 00:01:56]} 15. Re1 {[%clk 01:25:46]} {[%emt 00:01:14]}
b5 {[%clk 01:23:00]} {[%emt 00:01:20]} 16. Qd3 {[%clk 01:22:53]} {[%emt
00:03:23]} b4 {[%clk 01:20:47]} {[%emt 00:02:42]} 17. Bd2 {[%clk 01:20:47]}
{[%emt 00:02:37]} bxc3 {[%clk 01:19:51]} {[%emt 00:01:27]} 18. Bxc3 {[%clk
01:20:45]} {[%emt 00:00:32]} Rad8 {[%clk 01:10:30]} {[%emt 00:09:36]} 19. Rac1
{[%clk 01:20:03]} {[%emt 00:01:27]} Qb6 {[%clk 01:09:47]} {[%emt 00:01:12]} 20.
Kg2 {[%clk 01:14:55]} {[%emt 00:05:37]} Bb4 {[%clk 00:57:17]} {[%emt 00:12:59]}
21. Bxb4 {[%clk 01:04:42]} {[%emt 00:10:43]} Nxb4 {[%clk 00:57:41]} {[%emt
00:00:07]} 22. Qb3 {[%clk 01:04:14]} {[%emt 00:00:58]} Rb8 {[%clk 00:56:48]}
{[%emt 00:01:23]} 23. a3 {[%clk 01:00:00]} {[%emt 00:04:44]} Nc6 {[%clk
00:57:09]} {[%emt 00:00:07]} 24. Qxb6 {[%clk 00:59:22]} {[%emt 00:01:10]} Rxb6
{[%clk 00:57:35]} {[%emt 00:00:04]} 25. b4 {[%clk 00:58:24]} {[%emt 00:01:29]}
a6 {[%clk 00:49:07]} {[%emt 00:08:57]} 26. Rc5 {[%clk 00:58:13]} {[%emt
00:00:41]} Re7 {[%clk 00:46:05]} {[%emt 00:03:32]} 27. Rec1 {[%clk 00:56:51]}
{[%emt 00:01:52]} Na7 {[%clk 00:46:19]} {[%emt 00:00:15]} 28. Rc7 {[%clk
00:49:46]} {[%emt 00:07:33]} Rxc7 {[%clk 00:39:36]} {[%emt 00:07:15]} 29. Rxc7
{[%clk 00:50:10]} {[%emt 00:00:07]} Nb5 {[%clk 00:40:02]} {[%emt 00:00:04]} 30.
Rc8+ {[%clk 00:50:22]} {[%emt 00:00:18]} Kf7 {[%clk 00:40:26]} {[%emt
00:00:05]} 31. a4 {[%clk 00:49:59]} {[%emt 00:00:54]} Nd6 {[%clk 00:40:21]}
{[%emt 00:00:36]} 32. Rc7+ {[%clk 00:50:20]} {[%emt 00:00:08]} Kf8 {[%clk
00:40:20]} {[%emt 00:00:31]} 33. a5 {[%clk 00:50:13]} {[%emt 00:00:37]} Rxb4
{[%clk 00:39:35]} {[%emt 00:01:14]} 34. Rc6 {[%clk 00:50:10]} {[%emt 00:00:33]}
Nf5 {[%clk 00:38:03]} {[%emt 00:02:03]} 35. Rxe6 {[%clk 00:43:31]} {[%emt
00:07:08]} Nxd4 {[%clk 00:38:28]} {[%emt 00:00:05]} 36. Nxd4 {[%clk 00:43:46]}
{[%emt 00:00:16]} Rxd4 {[%clk 00:38:54]} {[%emt 00:00:03]} 37. Rxa6 {[%clk
00:44:11]} {[%emt 00:00:06]} Kf7 {[%clk 00:21:25]} {[%emt 00:17:59]} 38. f5
{[%clk 00:44:10]} {[%emt 00:00:31]} Ra4 {[%clk 00:19:39]} {[%emt 00:02:15]} 39.
Ra7+ {[%clk 00:44:26]} {[%emt 00:00:14]} Kf8 {[%clk 00:20:01]} {[%emt
00:00:08]} 40. a6 {[%clk 00:44:27]} {[%emt 00:00:30]} d4 {[%clk 00:16:03]}
{[%emt 00:04:27]} 41. Kf3 {[%clk 00:44:38]} {[%emt 00:00:20]} d3 {[%clk
00:15:50]} {[%emt 00:00:43]} 42. Ke3 {[%clk 00:44:57]} {[%emt 00:00:10]} Ra3
{[%clk 00:16:14]} {[%emt 00:00:07]} 43. g4 {[%clk 00:44:27]} {[%emt 00:00:59]}
Kg8 {[%clk 00:10:47]} {[%emt 00:05:58]} 44. h4 {[%clk 00:42:57]} {[%emt
00:02:00]} h6 {[%clk 00:09:52]} {[%emt 00:01:26]} 45. Ra8+ {[%clk 00:42:57]}
{[%emt 00:00:30]} Kf7 {[%clk 00:08:55]} {[%emt 00:01:26]} 46. a7 {[%clk
00:39:26]} {[%emt 00:04:01]} d2+ {[%clk 00:09:19]} {[%emt 00:00:06]} 47. Kxd2
{[%clk 00:39:53]} {[%emt 00:00:04]} Ra2+ {[%clk 00:09:44]} {[%emt 00:00:05]}
48. Kc3 {[%clk 00:39:33]} {[%emt 00:00:50]} Ra6 {[%clk 00:09:25]} {[%emt
00:00:48]} 49. g5 {[%clk 00:38:55]} {[%emt 00:01:08]} fxg5 {[%clk 00:08:58]}
{[%emt 00:00:57]} 50. hxg5 {[%clk 00:39:16]} {[%emt 00:00:09]} hxg5 {[%clk
00:09:23]} {[%emt 00:00:05]} 51. f6 {[%clk 00:39:39]} {[%emt 00:00:08]} g4
{[%clk 00:07:19]} {[%emt 00:02:33]} 52. Kd2 {[%clk 00:38:24]} {[%emt 00:01:44]}
g3 {[%clk 00:07:04]} {[%emt 00:00:45]} 53. fxg7 {[%clk 00:35:20]} {[%emt
00:03:35]} Kxg7 {[%clk 00:07:24]} {[%emt 00:00:09]} 54. Ke2 {[%clk 00:34:16]}
{[%emt 00:01:34]} Ra2+ {[%clk 00:07:18]} {[%emt 00:00:36]} 55. Kf1 {[%clk
00:34:39]} {[%emt 00:00:07]} Kh7 {[%clk 00:07:10]} {[%emt 00:00:39]} 1/2-1/2

[Event "DEM U16w 2025"]
[Site "Willingen GER"]
[Date "2025.06.12"]
[Round "7"]
[White "Lorenz, Veronika"]
[Black "Wartenberg, Alissa"]
[Result "1/2-1/2"]
[Termination "normal"]
[Board "2"]
[WhiteElo "1952"]
[BlackElo "1850"]
[WhiteClock "00:05:14"]
[BlackClock "00:02:22"]
[PlyCount "148"]
[WhiteFideId "16277406"]
[BlackFideId "16280741"]
[EventCountry "GER"]
[EventRounds "9"]
[EventType "swiss"]
[EventDate "2025.06.07"]

1. e4 {[%clk 01:30:58]} {[%emt 00:00:02]} e5 {[%clk 01:30:54]} {[%emt
00:00:07]} 2. Nf3 {[%clk 01:31:24]} {[%emt 00:00:04]} Nc6 {[%clk 01:31:20]}
{[%emt 00:00:04]} 3. Bb5 {[%clk 01:31:50]} {[%emt 00:00:03]} a6 {[%clk
01:31:45]} {[%emt 00:00:06]} 4. Ba4 {[%clk 01:32:18]} {[%emt 00:00:03]} Nf6
{[%clk 01:32:00]} {[%emt 00:00:15]} 5. d3 {[%clk 01:32:43]} {[%emt 00:00:04]}
b5 {[%clk 01:32:17]} {[%emt 00:00:13]} 6. Bb3 {[%clk 01:33:11]} {[%emt
00:00:01]} Bc5 {[%clk 01:32:40]} {[%emt 00:00:07]} 7. c3 {[%clk 01:33:36]}
{[%emt 00:00:05]} h6 {[%clk 01:31:47]} {[%emt 00:01:23]} 8. d4 {[%clk
01:34:01]} {[%emt 00:00:05]} exd4 {[%clk 01:26:10]} {[%emt 00:06:08]} 9. cxd4
{[%clk 01:34:07]} {[%emt 00:00:24]} Bb4+ {[%clk 01:24:00]} {[%emt 00:02:39]}
10. Bd2 {[%clk 01:27:48]} {[%emt 00:06:49]} d5 {[%clk 00:45:42]} {[%emt
00:38:48]} 11. Qc2 {[%clk 01:14:06]} {[%emt 00:14:12]} Bb7 {[%clk 00:38:09]}
{[%emt 00:08:04]} 12. e5 {[%clk 01:06:15]} {[%emt 00:08:20]} Ne4 {[%clk
00:36:30]} {[%emt 00:02:08]} 13. O-O {[%clk 01:05:15]} {[%emt 00:01:31]} Bxd2
{[%clk 00:24:55]} {[%emt 00:12:05]} 14. Nbxd2 {[%clk 01:05:38]} {[%emt
00:00:07]} Nb4 {[%clk 00:24:28]} {[%emt 00:00:57]} 15. Qb1 {[%clk 01:02:57]}
{[%emt 00:03:11]} c5 {[%clk 00:16:02]} {[%emt 00:08:56]} 16. a3 {[%clk
01:00:07]} {[%emt 00:03:21]} Nc6 {[%clk 00:16:26]} {[%emt 00:00:05]} 17. Nxe4
{[%clk 00:58:03]} {[%emt 00:02:33]} dxe4 {[%clk 00:16:47]} {[%emt 00:00:10]}
18. Qxe4 {[%clk 00:57:47]} {[%emt 00:00:46]} Na5 {[%clk 00:15:35]} {[%emt
00:01:43]} 19. Qe3 {[%clk 00:51:23]} {[%emt 00:06:46]} Bxf3 {[%clk 00:13:37]}
{[%emt 00:02:35]} 20. Qxf3 {[%clk 00:51:05]} {[%emt 00:00:48]} Nxb3 {[%clk
00:13:52]} {[%emt 00:00:15]} 21. Qxb3 {[%clk 00:51:23]} {[%emt 00:00:12]} Qxd4
{[%clk 00:11:43]} {[%emt 00:02:39]} 22. Rad1 {[%clk 00:51:12]} {[%emt
00:00:40]} Qg4 {[%clk 00:09:31]} {[%emt 00:02:42]} 23. Qd5 {[%clk 00:47:11]}
{[%emt 00:04:32]} Qc8 {[%clk 00:07:35]} {[%emt 00:02:26]} 24. Qd6 {[%clk
00:26:45]} {[%emt 00:20:56]} Ra7 {[%clk 00:07:22]} {[%emt 00:00:43]} 25. Rd5
{[%clk 00:27:03]} {[%emt 00:00:11]} Rd7 {[%clk 00:04:30]} {[%emt 00:03:24]} 26.
Rxc5 {[%clk 00:26:18]} {[%emt 00:01:14]} Rxd6 {[%clk 00:03:54]} {[%emt
00:01:06]} 27. Rxc8+ {[%clk 00:26:43]} {[%emt 00:00:05]} Rd8 {[%clk 00:04:21]}
{[%emt 00:00:03]} 28. Rc6 {[%clk 00:26:23]} {[%emt 00:00:51]} Rd2 {[%clk
00:02:24]} {[%emt 00:02:25]} 29. Rxa6 {[%clk 00:26:24]} {[%emt 00:00:30]} Ke7
{[%clk 00:02:29]} {[%emt 00:00:25]} 30. b4 {[%clk 00:13:10]} {[%emt 00:13:44]}
Rc8 {[%clk 00:02:28]} {[%emt 00:00:31]} 31. Rb6 {[%clk 00:09:46]} {[%emt
00:03:54]} Rd5 {[%clk 00:02:52]} {[%emt 00:00:07]} 32. e6 {[%clk 00:08:25]}
{[%emt 00:01:51]} fxe6 {[%clk 00:03:15]} {[%emt 00:00:07]} 33. Re1 {[%clk
00:08:53]} {[%emt 00:00:02]} e5 {[%clk 00:03:06]} {[%emt 00:00:40]} 34. f4
{[%clk 00:09:18]} {[%emt 00:00:05]} Rc3 {[%clk 00:02:08]} {[%emt 00:01:27]} 35.
Rxe5+ {[%clk 00:09:21]} {[%emt 00:00:27]} Rxe5 {[%clk 00:02:33]} {[%emt
00:00:05]} 36. fxe5 {[%clk 00:09:50]} {[%emt 00:00:02]} Rxa3 {[%clk 00:02:46]}
{[%emt 00:00:16]} 37. Rxb5 {[%clk 00:10:04]} {[%emt 00:00:15]} Rb3 {[%clk
00:02:13]} {[%emt 00:01:04]} 38. Kf2 {[%clk 00:08:53]} {[%emt 00:01:39]} g5
{[%clk 00:01:22]} {[%emt 00:01:24]} 39. Rb6 {[%clk 00:08:27]} {[%emt 00:00:55]}
h5 {[%clk 00:01:42]} {[%emt 00:00:10]} 40. Rh6 {[%clk 00:06:05]} {[%emt
00:02:52]} Rb2+ {[%clk 00:01:34]} {[%emt 00:00:38]} 41. Kf3 {[%clk 00:06:24]}
{[%emt 00:00:11]} Rb3+ {[%clk 00:29:34]} {[%emt 00:02:30]} 42. Ke4 {[%clk
00:33:55]} {[%emt 00:02:58]} Rxb4+ {[%clk 00:26:42]} {[%emt 00:03:23]} 43. Kf5
{[%clk 00:32:52]} {[%emt 00:01:33]} Rf4+ {[%clk 00:15:06]} {[%emt 00:12:06]}
44. Kxg5 {[%clk 00:32:42]} {[%emt 00:00:40]} Rg4+ {[%clk 00:15:06]} {[%emt
00:00:31]} 45. Kf5 {[%clk 00:32:48]} {[%emt 00:00:23]} Rxg2 {[%clk 00:15:26]}
{[%emt 00:00:10]} 46. Rh7+ {[%clk 00:33:09]} {[%emt 00:00:09]} Kf8 {[%clk
00:12:35]} {[%emt 00:03:21]} 47. Rxh5 {[%clk 00:33:21]} {[%emt 00:00:18]} Rf2+
{[%clk 00:12:22]} {[%emt 00:00:43]} 48. Ke6 {[%clk 00:33:15]} {[%emt 00:00:36]}
Ra2 {[%clk 00:12:29]} {[%emt 00:00:23]} 49. h4 {[%clk 00:31:29]} {[%emt
00:02:16]} Ra6+ {[%clk 00:11:44]} {[%emt 00:01:16]} 50. Kf5 {[%clk 00:31:28]}
{[%emt 00:00:31]} Kg7 {[%clk 00:09:56]} {[%emt 00:02:17]} 51. Rg5+ {[%clk
00:31:21]} {[%emt 00:00:37]} Kf7 {[%clk 00:09:48]} {[%emt 00:00:39]} 52. h5
{[%clk 00:30:37]} {[%emt 00:01:13]} Rh6 {[%clk 00:09:35]} {[%emt 00:00:43]} 53.
Kg4 {[%clk 00:30:31]} {[%emt 00:00:35]} Ra6 {[%clk 00:09:16]} {[%emt 00:00:50]}
54. Rf5+ {[%clk 00:30:11]} {[%emt 00:00:51]} Kg7 {[%clk 00:09:31]} {[%emt
00:00:15]} 55. Kg5 {[%clk 00:29:28]} {[%emt 00:01:11]} Re6 {[%clk 00:09:49]}
{[%emt 00:00:13]} 56. Kf4 {[%clk 00:26:11]} {[%emt 00:03:46]} Ra6 {[%clk
00:10:08]} {[%emt 00:00:12]} 57. Rg5+ {[%clk 00:26:17]} {[%emt 00:00:24]} Kf7
{[%clk 00:10:28]} {[%emt 00:00:10]} 58. Rg4 {[%clk 00:23:54]} {[%emt 00:02:49]}
Rh6 {[%clk 00:09:18]} {[%emt 00:01:44]} 59. Kg5 {[%clk 00:21:51]} {[%emt
00:02:31]} Kg7 {[%clk 00:08:43]} {[%emt 00:01:07]} 60. Ra4 {[%clk 00:17:02]}
{[%emt 00:05:18]} Re6 {[%clk 00:07:59]} {[%emt 00:01:15]} 61. Ra7+ {[%clk
00:14:04]} {[%emt 00:03:29]} Kg8 {[%clk 00:04:44]} {[%emt 00:03:44]} 62. Kf5
{[%clk 00:14:00]} {[%emt 00:00:34]} Rh6 {[%clk 00:04:38]} {[%emt 00:00:35]} 63.
e6 {[%clk 00:14:04]} {[%emt 00:00:28]} Kf8 {[%clk 00:04:28]} {[%emt 00:00:39]}
64. e7+ {[%clk 00:11:18]} {[%emt 00:03:16]} Ke8 {[%clk 00:04:35]} {[%emt
00:00:24]} 65. Kg5 {[%clk 00:11:00]} {[%emt 00:00:48]} Rg6+ {[%clk 00:04:46]}
{[%emt 00:00:18]} 66. Kh4 {[%clk 00:06:37]} {[%emt 00:04:51]} Re6 {[%clk
00:02:50]} {[%emt 00:02:27]} 67. Kg5 {[%clk 00:05:45]} {[%emt 00:01:22]} Rg6+
{[%clk 00:03:13]} {[%emt 00:00:07]} 68. Kh4 {[%clk 00:05:39]} {[%emt 00:00:37]}
Re6 {[%clk 00:03:37]} {[%emt 00:00:07]} 69. Ra8+ {[%clk 00:05:59]} {[%emt
00:00:10]} Kxe7 {[%clk 00:02:45]} {[%emt 00:01:21]} 70. Kg5 {[%clk 00:06:22]}
{[%emt 00:00:07]} Kf7 {[%clk 00:02:27]} {[%emt 00:00:47]} 71. h6 {[%clk
00:05:41]} {[%emt 00:01:11]} Re5+ {[%clk 00:01:59]} {[%emt 00:00:59]} 72. Kg4
{[%clk 00:05:26]} {[%emt 00:00:45]} Kg6 {[%clk 00:01:47]} {[%emt 00:00:42]} 73.
Ra6+ {[%clk 00:05:44]} {[%emt 00:00:13]} Kh7 {[%clk 00:02:01]} {[%emt
00:00:15]} 74. Rb6 {[%clk 00:05:14]} {[%emt 00:01:00]} Ra5 {[%clk 00:02:22]}
{[%emt 00:00:10]} 1/2-1/2

[Event "DEM U16w 2025"]
[Site "Willingen GER"]
[Date "2025.06.12"]
[Round "7"]
[White "Vogt, Luna"]
[Black "Richter, Johanna"]
[Result "1/2-1/2"]
[Termination "normal"]
[Board "3"]
[WhiteElo "1773"]
[BlackElo "1834"]
[WhiteClock "00:01:01"]
[BlackClock "00:03:25"]
[PlyCount "140"]
[WhiteFideId "34607153"]
[BlackFideId "16278925"]
[EventCountry "GER"]
[EventRounds "9"]
[EventType "swiss"]
[EventDate "2025.06.07"]

1. e4 {[%clk 01:30:58]} {[%emt 00:00:02]} c5 {[%clk 01:30:48]} {[%emt
00:00:13]} 2. Nf3 {[%clk 01:31:22]} {[%emt 00:00:06]} Nc6 {[%clk 01:31:16]}
{[%emt 00:00:02]} 3. b4 {[%clk 01:31:04]} {[%emt 00:00:48]} Nxb4 {[%clk
01:31:31]} {[%emt 00:00:16]} 4. c3 {[%clk 01:31:24]} {[%emt 00:00:09]} Nc6
{[%clk 01:31:57]} {[%emt 00:00:05]} 5. d4 {[%clk 01:31:42]} {[%emt 00:00:10]}
cxd4 {[%clk 01:29:41]} {[%emt 00:02:47]} 6. cxd4 {[%clk 01:29:45]} {[%emt
00:02:26]} e6 {[%clk 01:29:37]} {[%emt 00:00:35]} 7. Nc3 {[%clk 01:29:51]}
{[%emt 00:00:24]} d6 {[%clk 01:26:33]} {[%emt 00:03:34]} 8. Be2 {[%clk
01:29:13]} {[%emt 00:01:08]} Nf6 {[%clk 01:25:01]} {[%emt 00:02:01]} 9. O-O
{[%clk 01:28:05]} {[%emt 00:01:38]} Be7 {[%clk 01:23:27]} {[%emt 00:02:04]} 10.
d5 {[%clk 01:14:49]} {[%emt 00:13:46]} exd5 {[%clk 01:09:28]} {[%emt 00:14:29]}
11. exd5 {[%clk 01:11:56]} {[%emt 00:03:22]} Nb8 {[%clk 01:08:21]} {[%emt
00:01:38]} 12. Be3 {[%clk 01:07:30]} {[%emt 00:04:56]} O-O {[%clk 01:02:37]}
{[%emt 00:06:15]} 13. Rc1 {[%clk 01:05:28]} {[%emt 00:02:31]} Nbd7 {[%clk
00:40:44]} {[%emt 00:22:23]} 14. Nb5 {[%clk 01:01:07]} {[%emt 00:04:51]} b6
{[%clk 00:38:11]} {[%emt 00:03:03]} 15. Nfd4 {[%clk 00:47:05]} {[%emt
00:14:32]} Nc5 {[%clk 00:29:51]} {[%emt 00:08:50]} 16. Nc6 {[%clk 00:41:25]}
{[%emt 00:06:10]} Qd7 {[%clk 00:28:58]} {[%emt 00:01:22]} 17. Bf4 {[%clk
00:40:15]} {[%emt 00:01:40]} Re8 {[%clk 00:15:59]} {[%emt 00:13:30]} 18. Nxe7+
{[%clk 00:27:17]} {[%emt 00:13:28]} Qxe7 {[%clk 00:16:21]} {[%emt 00:00:08]}
19. Re1 {[%clk 00:27:30]} {[%emt 00:00:16]} Rd8 {[%clk 00:13:02]} {[%emt
00:03:50]} 20. Bf3 {[%clk 00:19:08]} {[%emt 00:08:52]} Qf8 {[%clk 00:12:30]}
{[%emt 00:01:01]} 21. Qd4 {[%clk 00:16:36]} {[%emt 00:03:03]} a6 {[%clk
00:08:37]} {[%emt 00:04:23]} 22. Nc3 {[%clk 00:16:27]} {[%emt 00:00:39]} Bf5
{[%clk 00:08:23]} {[%emt 00:00:44]} 23. Re3 {[%clk 00:14:07]} {[%emt 00:02:49]}
Re8 {[%clk 00:08:07]} {[%emt 00:00:46]} 24. Rce1 {[%clk 00:14:14]} {[%emt
00:00:22]} Nd3 {[%clk 00:07:08]} {[%emt 00:01:31]} 25. Rxe8 {[%clk 00:11:25]}
{[%emt 00:03:19]} Rxe8 {[%clk 00:07:32]} {[%emt 00:00:06]} 26. Rxe8 Qxe8 {[%clk
00:08:00]} 27. Be3 {[%clk 00:12:09]} {[%emt 00:00:09]} Nc5 {[%clk 00:07:44]}
{[%emt 00:00:48]} 28. h3 {[%clk 00:12:02]} {[%emt 00:00:35]} Qd7 {[%clk
00:05:34]} {[%emt 00:02:40]} 29. Bg5 {[%clk 00:08:48]} {[%emt 00:03:44]} Qe7
{[%clk 00:03:59]} {[%emt 00:02:05]} 30. Be3 {[%clk 00:07:59]} {[%emt 00:01:18]}
h6 {[%clk 00:03:34]} {[%emt 00:00:55]} 31. Qb4 {[%clk 00:07:09]} {[%emt
00:01:20]} Nfd7 {[%clk 00:02:35]} {[%emt 00:01:29]} 32. Qf4 {[%clk 00:05:53]}
{[%emt 00:01:46]} Bg6 {[%clk 00:02:23]} {[%emt 00:00:43]} 33. Bd4 {[%clk
00:05:41]} {[%emt 00:00:41]} b5 {[%clk 00:01:05]} {[%emt 00:01:48]} 34. h4
{[%clk 00:03:54]} {[%emt 00:02:18]} Bd3 {[%clk 00:00:52]} {[%emt 00:00:44]} 35.
Qg4 {[%clk 00:03:43]} {[%emt 00:00:41]} f6 {[%clk 00:00:58]} {[%emt 00:00:24]}
36. Qf4 {[%clk 00:03:24]} {[%emt 00:00:49]} Qe1+ {[%clk 00:01:13]} {[%emt
00:00:15]} 37. Kh2 {[%clk 00:03:43]} {[%emt 00:00:10]} Qe7 {[%clk 00:01:42]}
{[%emt 00:00:02]} 38. Bg4 {[%clk 00:03:39]} {[%emt 00:00:34]} Kf8 {[%clk
00:01:07]} {[%emt 00:01:05]} 39. Bh5 {[%clk 00:03:07]} {[%emt 00:01:02]} Kg8
{[%clk 00:01:19]} {[%emt 00:00:18]} 40. Nd1 {[%clk 00:02:19]} {[%emt 00:01:17]}
g6 {[%clk 00:00:51]} {[%emt 00:00:58]} 41. Bf3 {[%clk 00:02:26]} {[%emt
00:00:23]} h5 {[%clk 00:27:12]} {[%emt 00:04:09]} 42. Ne3 {[%clk 00:30:00]}
{[%emt 00:02:56]} f5 {[%clk 00:19:43]} {[%emt 00:08:00]} 43. g3 {[%clk
00:23:58]} {[%emt 00:06:32]} Kh7 {[%clk 00:16:08]} {[%emt 00:04:05]} 44. Ng2
{[%clk 00:17:34]} {[%emt 00:06:54]} b4 {[%clk 00:11:39]} {[%emt 00:04:59]} 45.
Be3 {[%clk 00:17:16]} {[%emt 00:00:48]} Ne5 {[%clk 00:08:40]} {[%emt 00:03:30]}
46. Bd1 {[%clk 00:17:12]} {[%emt 00:00:32]} a5 {[%clk 00:08:14]} {[%emt
00:00:56]} 47. Qh6+ {[%clk 00:16:37]} {[%emt 00:01:06]} Kg8 {[%clk 00:08:41]}
{[%emt 00:00:03]} 48. f4 {[%clk 00:15:54]} {[%emt 00:01:13]} Ng4+ {[%clk
00:08:51]} {[%emt 00:00:21]} 49. Bxg4 {[%clk 00:16:11]} {[%emt 00:00:12]} fxg4
{[%clk 00:09:20]} {[%emt 00:00:01]} 50. Bd4 {[%clk 00:15:04]} {[%emt 00:01:37]}
a4 {[%clk 00:05:10]} {[%emt 00:04:41]} 51. Ne3 {[%clk 00:09:15]} {[%emt
00:06:17]} Qh7 {[%clk 00:02:04]} {[%emt 00:03:37]} 52. Qg5 {[%clk 00:09:26]}
{[%emt 00:00:19]} Qd7 {[%clk 00:02:13]} {[%emt 00:00:21]} 53. Qf6 {[%clk
00:08:01]} {[%emt 00:01:55]} Be4 {[%clk 00:01:01]} {[%emt 00:01:42]} 54. f5
{[%clk 00:07:05]} {[%emt 00:01:26]} Bxf5 {[%clk 00:01:02]} {[%emt 00:00:29]}
55. Nxf5 {[%clk 00:07:29]} {[%emt 00:00:06]} gxf5 {[%clk 00:01:25]} {[%emt
00:00:07]} 56. Qh8+ {[%clk 00:07:41]} {[%emt 00:00:17]} Kf7 {[%clk 00:01:53]}
{[%emt 00:00:02]} 57. Qxh5+ {[%clk 00:07:35]} {[%emt 00:00:36]} Ke7 {[%clk
00:01:34]} {[%emt 00:00:49]} 58. Qh8 {[%clk 00:06:44]} {[%emt 00:01:21]} Ne4
{[%clk 00:01:11]} {[%emt 00:00:54]} 59. Qg7+ {[%clk 00:05:14]} {[%emt
00:01:59]} Kd8 {[%clk 00:00:59]} {[%emt 00:00:42]} 60. Qg8+ {[%clk 00:03:07]}
{[%emt 00:02:38]} Ke7 {[%clk 00:00:43]} {[%emt 00:00:46]} 61. h5 {[%clk
00:02:59]} {[%emt 00:00:38]} b3 {[%clk 00:00:42]} {[%emt 00:00:31]} 62. axb3
{[%clk 00:03:24]} {[%emt 00:00:04]} axb3 {[%clk 00:01:11]} {[%emt 00:00:01]}
63. h6 {[%clk 00:03:35]} {[%emt 00:00:19]} Qb5 {[%clk 00:00:59]} {[%emt
00:00:42]} 64. Qg7+ {[%clk 00:03:21]} {[%emt 00:00:44]} Kd8 {[%clk 00:01:22]}
{[%emt 00:00:08]} 65. Qf8+ {[%clk 00:02:23]} {[%emt 00:01:27]} Kc7 {[%clk
00:01:51]} 66. Qe7+ {[%clk 00:02:29]} {[%emt 00:00:25]} Kb8 {[%clk 00:02:02]}
{[%emt 00:00:19]} 67. Qa7+ {[%clk 00:01:51]} {[%emt 00:01:09]} Kc8 {[%clk
00:02:31]} {[%emt 00:00:01]} 68. Qa8+ {[%clk 00:01:48]} {[%emt 00:00:32]} Kc7
{[%clk 00:03:00]} {[%emt 00:00:02]} 69. Qa7+ {[%clk 00:02:05]} {[%emt
00:00:14]} Kc8 {[%clk 00:03:25]} {[%emt 00:00:04]} 70. Qa8+ {[%clk 00:01:01]}
{[%emt 00:01:35]} Kc7 {[%emt 00:01:11]} 1/2-1/2